000 00599nam a2200241Ia 4500
003 OSt
005 20221005042421.0
006 a|||||r|||| 00| 0
007 ta
008 221004b |||||||| |||| 00| 0 eng d
024 _a32271
037 _cTextual
040 _aCRL
_cCRL
_beng
041 _2eng
_aeng
082 _aX:8.2'N5, L4
100 _aDasgupta A
245 0 _aBusiness and management in India
260 _aDelhi
_bVikas
_c1974
300 _a287p.
_ccm.
650 _aECONOMICS
942 _hX:8.2'N5, L4
_cTEXL
_2cc
999 _c950212
_d950212